000
00196 a2200097 4500
020
_a
999245900x
041
_a
spa
100
_a
Ediciones De Pavsa
245
_a
Una Enamorada Del Reino
942
_c
BK
999
_c
14595
_d
14595